The unity of India: collected writings, 1937-1940 (Record no. 376199)

000 -LEADER
fixed length control field 00390cam a22001337a 4500
008 - FIXED-LENGTH DATA ELEMENTS--GENERAL INFORMATION
fixed length control field 180718b1942 xxu||||| |||| 00| 0 eng d
082 ## - DEWEY DECIMAL CLASSIFICATION NUMBER
Classification number A99 N315u
100 ## - MAIN ENTRY--PERSONAL NAME
Personal name Nehru, Jawaharlal
245 ## - TITLE STATEMENT
Title The unity of India: collected writings, 1937-1940
Statement of responsibility, etc. by Jawaharlal Nehru
260 ## - PUBLICATION, DISTRIBUTION, ETC.
Place of publication, distribution, etc. London
Name of publisher, distributor, etc. Drummond
Date of publication, distribution, etc. 1942
300 ## - PHYSICAL DESCRIPTION
Extent 432p.
650 ## - SUBJECT ADDED ENTRY--TOPICAL TERM
Topical term or geographic name entry element India - Politics
650 ## - SUBJECT ADDED ENTRY--TOPICAL TERM
Topical term or geographic name entry element Nehru, Jawaharlal, 1889
Holdings
Withdrawn status Lost status Damaged status Not for loan Permanent Location Current Location Date acquired Full call number Barcode Date last seen Price effective from Koha item type
        Indian Institute of Public Administration Indian Institute of Public Administration 1994-09-14 A99 N315u 21756 2018-07-21 2018-07-21 Book

Powered by Koha